000 00403nam a22001217a 4500
999 _c3326
_d3326
008 200608b ||||| |||| 00| 0 eng d
110 _92796
_aInstitute of Chartered Shipbrokers
245 1 0 _aLogistics and multi-modal transport /
_cby Institute of Chartered Shipbrokers.
260 _aLondon :
_bInstitute of Chartered Shipbrokers,
_c2010.
300 _ax
650 0 _aInternational Logistics
942 _cBK